000 00445nam a2200181Ia 4500
003 OSt
005 20260109164838.0
008 210210b1927 xxu||||| |||| 00| 0 eng d
040 _cAL
082 _a544/174
100 _aTAYLOR (Hugh S)
_9250917
245 _aElementary physical chemistry
260 _aLondon
_bMacmillan & Co. Ltd.
_c1927
300 _a531
690 _aPhysical Chemistry
_9250923
906 _a009825
942 _2ddc
_cBK
999 _c128130
_d128130